| 000 | 00965cam a2200289 i 4500 | ||
|---|---|---|---|
| 001 | 2846 | ||
| 003 | FISKH | ||
| 005 | 20240117140407.0 | ||
| 008 | 780517s1978 maua j 000 1 eng | ||
| 010 | _a 78017447 | ||
| 020 | _a0316358983 | ||
| 040 |
_aDLC _cDLC _dDLC _beng |
||
| 042 | _alcac | ||
| 050 | 0 | 0 |
_aPZ7.H432478 _bWo |
| 082 | 0 | 0 | _a[Fic] |
| 100 | 1 | _aHerzig, Alison Cragin. | |
| 245 | 1 | 2 |
_aA word to the wise / _cAlison Cragin Herzig, Jane Lawrence Mali ; illustrated by Martha Perske. |
| 260 |
_aColumbus : _bWeekly Reader Books, _c1978. |
||
| 300 |
_a141 pages : _billustrations ; _c21 cm |
||
| 520 | _aThe thesaurus stolen from their teacher alters the lives of eight fifth-graders in a special reading group. | ||
| 650 | 1 |
_aVocabulary _xFiction. |
|
| 650 | 1 |
_aSchools _xFiction. |
|
| 700 | 1 |
_aMali, Jane Lawrence, _eauthor |
|
| 700 | 1 |
_aPerske, Martha. _dillustrator |
|
| 906 |
_a7 _bcbc _corignew _d1 _eocip _f19 _gy-gencatlg |
||
| 942 |
_2ddc _cBK _n0 |
||
| 999 |
_c2846 _d2846 |
||